The adventures of Lolo the penguin [

Bibliographic Details
Format: Book
Published: s.l. : Castle Home Video , 19_.
Subjects:

MARC

LEADER 00000cam a2200000 7i4500
001 0000000312
002 000000387
005 20080429.0
020 |a 000000387 
090 0 0 |a JF   |b ADV 
245 0 4 |a The adventures of Lolo the penguin [  |h video recording] 
260 |a s.l. :   |b Castle Home Video ,   |c 19_. 
300 |a 1 videocassette VHS (65:00 min) :   |b Col.(PAL) 
650 0 0 |a Animal fiction   |x Cartoons and caricatures 
999 |a PV0215   |b VIDEO   |c JUNIOR REFERENCE   |e PERPUSTAKAAN KOMUNITI PETALING JAYA